000 00276nam a22001337a 4500
003 SGT
082 _a615.53
_bC14Y
100 _aYADAV, DEEPAK
245 _aCHARAK SAMHITA
260 _aVARANASI
_bCHAUKHAMBHA PUB
_c2014
300 _a467
650 _aAYURVEDA
942 _2ddc
_cBK
999 _c8763
_d8763